Регионална библиотека "Любен Каравелов" - Русе

Реализмът - бакалин и великата мегареалност (Запис номер 43456)

MARC детайли
000 -Лидер
Контролно поле с фиксирана дължина 01072nam a2200301 c 4500
003 - Код на организацията, давaща контролен номер
Контролно поле BLK
005 - Дата и час на последна редакция
Контролно поле 20220228134639.0
008 - Елементи от данни с фиксирана дължина
fixed length control field 180408b bul|||||r ||||||| ||bul||
010 ## - Наследен системен номер
LC control number KNG00047192000
020 ## - Международен стандартен номер на книга ISBN
Международен стандартен номер на книга ISBN 954-9766-02-0
040 ## - Източник на каталожния запис
Идентификатор на билиотеката - собственик на записа BLK
041 ## - Код за език
Код за езика на текст/звукозапис или на отделно заглавие Български
Код за езика КДБФ Български
080 ## - УДК
Текстов определител УДК Българска литература
УДК код - определител по УДК 821.163.2
УДК определител -1
УДК - код + определител 821.163.2-1
100 1# - Редна дума - Автор
Автор Филипов, Михаил
Авторска отговорност първи автор
R(LIN) 258439
139 ## - Редно поле
Редна дума Филипов, Михаил
Авторски знак Фили - Ф 50
245 10 - Сведения за заглавието
Заглавие Реализмът - бакалин и великата мегареалност
Подзаглавни данни Ескизи на съвместната им вечност
Редно поле (дума) Михаил Филипов.
257 ## - Страна на издаване
Страна на създаване/издаване България
260 ## - Област на издателските данни
Име на издателя, разпространителя и проч. Парнас-96
Година на издаване 1999
Печатница София : Ango boy
300 ## - Физическа характеристика
Страници 83 с.
Размери/Мащаб 19Х19 см
380 ## - Жанр
Жанр Худож. лит.
500 ## - Общи забележки
Забележка Офс. изд.
653 ## - Ключова дума – ненормативна
Ключова дума стихотворения
852 ## - Местоположение
Форматна сигнатура Цб 210220
852 ## - Местоположение
Форматна сигнатура К 821.163.2/Ф 50 М
856 4# - Електронен адрес и достъп
Електронен формат pdf - файл
856 4# - Електронен адрес и достъп
Електронен формат pdf - файл
999 ## - СИСТЕМНИ КОНТРОЛНИ НОМЕРА
Koha biblionumber 43456
Koha biblioitemnumber 43456
942 ## - АРТИКУЛИ
Вид на библиотечния материал Книги
Скрит в OPAC Не
Периодичен библиозапис Да
944 ## - СЪЗДАВАНЕ И РЕДАКЦИЯ на ЗАПИСА
Създаване/Редакция Създаване
Дата на регистрацията/редакция 01.01.1999
Служител, извършил регистрацията/редакцията Людмила_Стоянова
944 ## - СЪЗДАВАНЕ И РЕДАКЦИЯ на ЗАПИСА
Създаване/Редакция Редакция
Дата на регистрацията/редакция 07.03.2005
999 ## - СИСТЕМНИ КОНТРОЛНИ НОМЕРА
Koha biblioitemnumber 43456
Наличности
Код за отписване Код за изгубен артикул Източник на класификационната схема Код за повреда Коз за рестрикции Код за отдаване Артикулен № Име на библиотеката - собственик Име на библиотеката, в която се намира в момента Статус (Текущо местоположение) Дата на вписване в системата Местоположение - отдел Цена в лева Инвентарен номер Систематично азбучна сигнатура Баркод Номер на екземпляра Цена в евро Служебна бележка Служебен тип на артикула
  Не е изгубен Universal Decimal Classification Не е повреден без рестрикции ползва се в читалня 68278 Регионална библиотека "Любен Каравелов" Русе Регионална библиотека "Любен Каравелов" Русе Хранилище 2001-01-01 Основен фонд - ползва се само за читалня 2.50 667315 Цб 210220 120000667315 1 1.28 Дост: DA Вид: А N: стар фонд Дата: 01.01.1999 Книги
  Не е изгубен Universal Decimal Classification Не е повреден само за читалня ползва се в читалня 68279 Регионална библиотека "Любен Каравелов" Русе Регионална библиотека "Любен Каравелов" Русе Краезнание 2001-01-01 Краезнание 2.50 667316 К 821.163.2/Ф 50 М 120000667316 2 1.28 Дост: DA Вид: А N: стар фонд Дата: 01.01.1999 Дата инв: 15.11.2017 Бележки инв: К2017 Книги
Vip Innovations Ltd, Rousse, Bulgaria 2025